| 000 | 00736cam a22002653a 4500 | ||
|---|---|---|---|
| 001 | 24493 | ||
| 003 | PGUSA | ||
| 005 | 20140828083526.0 | ||
| 008 | 080202s2008||||xxu|||||s|||||000 1 eng d | ||
| 040 |
_aPGUSA _beng |
||
| 042 | _adc | ||
| 050 | 4 | _aPR | |
| 050 | 4 | _aPZ | |
| 100 | 1 |
_aColum, Padraic, _d1881-1972 |
|
| 245 | 1 | 4 |
_aThe Boy Who Knew What The Birds Said _h[electronic resource] / _cPadraic Colum |
| 260 |
_bProject Gutenberg, _c2008 |
||
| 506 | _aPublic domain in the USA. | ||
| 516 | _aElectronic text | ||
| 653 | _aFairy tales | ||
| 653 | _aBirds -- Fiction | ||
| 700 | 1 |
_aWalker, Dugald Stewart, _d1883-1937 |
|
| 830 | 0 |
_aProject Gutenberg _v24493 |
|
| 856 | 4 | 0 | _uhttp://www.gutenberg.org/ebooks/24493 |
| 942 | _cEB | ||
| 999 |
_c253748 _d253748 |
||